| 000 | 02289nam a22003137a 4500 | ||
|---|---|---|---|
| 999 |
_c22034 _d22034 |
||
| 003 | AR-CdUCM | ||
| 008 | 190425b ||||| |||| 00| 0 spa d | ||
| 040 |
_aMUNICIPALIDAD PROVINCIAL DEL CUSCO _cBIBLIOTECA MUNICIPAL DEL CUSCO |
||
| 082 | _aTupacAmaru/N°6-7/1966 | ||
| 245 |
_aRevista Tupac Amaru : _bÓrgano eventual de la provincia de Canas / |
||
| 260 |
_aCusco : _bH. G. Rozas, _c1966. |
||
| 300 |
_a145 páginas. : _c28 cm. |
||
| 440 |
_aRevista Tupac Amaru. _nAño V, Vol. V, N°6-7, 1966 _947212 |
||
| 505 | _aContenido: Canas centro turístico. Octavio Linares. -- La cuadrilla. Lino Casafranca Gamarra. -- La revolución social de Tupac Amaru el Grande. Ernesto Valdivia Pezo. -- Rebaños mejorados e inseminación artificial en ovinos corriedale del departamento de Puno. Hernán Alencastre. -- El integracionismo latinoamericano. Luis Flores Caballero. -- La opinión que tuvieron los hombres más grandes sobre Tupac Amaru II. Claudio L. Lazo C. -- Las guerrillas indígenas de Chiyaraqe y Toqto. Mario A. Gilt Contreras. -- Campaña de alfabetización y educación. Delia Chiesa de Tagle. -- Proyecto de plan de estudios para la facultad de derecho y ciencias sociales. Alfredo Rossetti. -- Tupac Amaru y Cicerón. Alcides Estrada. -- Homenaje a Tupac Amaru. Juan de la Cruz Salas. -- El escritor cuzqueño. José Uriel García. Uriel Montufar. -- El Crédito Agrario. Pedro Valcárcel Gamarra. -- Proyecto de reorganización de la facultad de Ciencias Económicas y comerciales de la Universidad del Cuzco. Jorge Aguirre. -- Poesía. María Dora. -- Prosa. Julio Garrido Malaver. -- Documentos. Ley 15962, antecedentes discurso de diputado por el Cuzco. Lucio Muñiz Flores. -- Arte. Santiago Guillen. | ||
| 650 |
_aTurismo _947213 |
||
| 650 |
_aDerecho y Ciencias sociales _947214 |
||
| 650 |
_aMedicina física _947215 |
||
| 650 |
_aHistoria cusqueña _95374 |
||
| 650 |
_aLevantamientos andinos _944095 |
||
| 650 |
_aRebelión de Tupac Amaru _96415 |
||
| 700 |
_aCasafranca Gamarra, Lino _946698 |
||
| 700 |
_aValdivia Pezo, Ernesto _914881 |
||
| 700 |
_aAlencastre, Hernán _947216 |
||
| 700 |
_aFlores Caballero, Luis _916743 |
||
| 700 |
_aValcárcel Gamarra, Pedro _946716 |
||
| 700 |
_aMuñiz Flores, Lucio _947217 |
||
| 942 |
_2ddc _cPP |
||
| 945 | _avhl | ||